MLB Top 5 AL Cy Young Voting 1990s - Statistics

General Stats
  • This quiz has been taken 21 times
  • The average score is 39 of 50
Answer Stats
Year Team Player % Correct
1996: 2 Yankees Andy Pettitte
100%
1997: 5 Yankees Andy Pettitte
100%
1992: 4 Orioles Mike Mussina
100%
1994: 4 Orioles Mike Mussina
100%
1995: 5 Orioles Mike Mussina
100%
1996: 5 Orioles Mike Mussina
100%
1999: 2 Orioles Mike Mussina
100%
1993: 2 Mariners Randy Johnson
100%
1994: 3 Mariners Randy Johnson
100%
1995: 1 Mariners Randy Johnson
100%
1997: 2 Mariners Randy Johnson
100%
1990: 2 Red Sox Roger Clemens
100%
1991: 1 Red Sox Roger Clemens
100%
1992: 3 Red Sox Roger Clemens
100%
1997: 1 Blue Jays Roger Clemens
100%
1998: 1 Blue Jays Roger Clemens
100%
1990: 3 Athletics Dave Stewart
95%
1998: 3 Yankees David Wells
95%
1990: 5 Athletics Dennis Eckersley
95%
1992: 1 Athletics Dennis Eckersley
95%
1992: 2 White Sox Jack McDowell
95%
1993: 1 White Sox Jack McDowell
95%
1996: 3 Yankees Mariano Rivera
95%
1999: 3 Yankees Mariano Rivera
95%
1998: 2 Red Sox Pedro Martínez
95%
1999: 1 Red Sox Pedro Martínez
95%
1990: 5 Blue Jays Dave Stieb
90%
1994: 1 Royals David Cone
90%
1995: 4 Blue Jays/Yankees David Cone
90%
1998: 4 Yankees David Cone
90%
1991: 4 Twins Jack Morris
85%
1992: 5 Blue Jays Jack Morris
85%
1996: 1 Blue Jays Pat Hentgen
80%
1990: 1 Athletics Bob Welch
70%
1993: 4 Yankees Jimmy Key
70%
1994: 2 Yankees Jimmy Key
70%
1995: 3 Red Sox Tim Wakefield
65%
1993: 3 Royals Kevin Appier
55%
1990: 4 White Sox Bobby Thigpen
50%
1996: 4 Indians Charles Nagy
50%
1999: 4 Indians Bartolo Colón
45%
1991: 3 Angels Jim Abbott
45%
1995: 2 Indians José Mesa
45%
1991: 2 Twins Scott Erickson
45%
1997: 3 Twins Brad Radke
40%
1994: 5 Orioles Lee Smith
35%
1991: 5 Angels Bryan Harvey
20%
1997: 4 Orioles Randy Myers
20%
1993: 5 Blue Jays Duane Ward
15%
1999: 5 Rangers Aaron Sele
0%
No matching quizzes found
Score Distribution
Percent of People with Each Score
Percentile by Number Answered
Your Score History
You have not taken this quiz